| 000 | 00429nam a2200145Ia 4500 | ||
|---|---|---|---|
| 008 | 220216s9999 xx 000 0 und d | ||
| 100 | _aJumpasut P | ||
| 245 | 4 | _aThe rubber economist report and the recent trends of the global NR latex industry | |
| 260 |
_bIndian Rubber Journal _c2015 |
||
| 300 | _a88-91 | ||
| 500 | _aSource Year: 2015 | ||
| 650 | _aGlobal NR latex industry | ||
| 650 | _aNR latex production | ||
| 942 | _cJS | ||
| 999 |
_c71010 _d71010 |
||